Being and time

Saved in:
Bibliografiske detaljer
Format: Bog
Sprog:engelsk
Udgivet: Oxford Basil Blackwell 1973
Fag:
Tags: Tilføj Tag
Ingen Tags, Vær først til at tagge denne postø!

MARC

LEADER 00000nam a2200000 a 4500
001 UCQ1013
003 CL-VaPUC
008 980703e19730000UK |||||||||||||||||eng|d
082 0 4 |a 142.7  |b HEI  |2 21 
245 1 0 |a Being and time 
300 |a 589 p 
942 |c BK 
945 |d 19980703 00:00:00  |a aalvarez 
260 |a Oxford  |b Basil Blackwell  |c 1973 
650 0 |a Filosofía alemana   |9 265002 
650 0 |a Ontología   |9 256850 
650 0 |a Existencialismo  |9 265698 
650 0 |a Metafísica  |9 265649 
583 |a last modification  |c 19980703 00:00:00  |k Rodrigo Vera 
999 |c 272024  |d 272022 
952 |0 0  |1 0  |4 0  |6 142_700000000000000_HEI_1973  |7 0  |8 P  |9 306848  |a BIBEDU  |b BIBEDU  |c BIBEDU_PB  |d 2019-11-20  |i 3441407  |o 142.7 HEI 1973  |p 3441407  |r 2022-07-20  |w 2019-11-20  |y BK  |k FIL